Movies By Historical Setting Quiz Stats

 Plays Quiz Updated Sep 20, 2015

Challenge
Share
Tweet
Score 0/20 Timer 04:00
0 Plays Today
% Correct
Braveheart
95.3%
Sherlock Holmes
94.6%
Saving Private Ryan
94.2%
The Godfather
93.2%
To Kill a Mockingbird
91.9%
United 93
90.9%
Apocalypse Now
88.9%
The Hurt Locker
87.4%
Boogie Nights
84.9%
Black Hawk Down
83.9%
% Correct
Zulu
83.3%
War Horse
81.9%
The Untouchables
81.2%
The Treasure of the Sierra Madre
80.5%
Kingdom of Heaven
79.4%
Miracle
78.8%
Cold Mountain
75.3%
Thirteen Days
72.7%
Enemy at the Gates
72.5%
Perfume: The Story of a Murderer
71.5%

You're not logged in!

Compare scores with friends on all Sporcle quizzes.
Join for Free
OR
Log In

You Might Also Like...

Show Comments

Extras

Top Quizzes Today


Score Distribution

Your Account Isn't Verified!

In order to create a playlist on Sporcle, you need to verify the email address you used during registration. Go to your Sporcle Settings to finish the process.

Report this User

Report this user for behavior that violates our Community Guidelines.

Details: